Представление документа в формате RUSMARC

ПолеНазваниеЗначение
  Тип записи a
  Библиографический уровень m
001 Контрольный номер RU/SLIB/B/208741550
005 Дата корректировки 20201206204057.5
010 Индекс ISBN __
d Цена 0-35
101 Язык документа 0_
a Язык текста rus
200 Заглавие и сведения об ответственности 1_
a Заглавие Братья Гранат
f Первые сведения об ответственности Белов С. В.
b Общее обозначение материала Текст
210 Выходные данные __
a Место издания М.
c Издательство Книга
d Дата издания 1982
215 Физическое описание __
a Объем 96 с.
600 Персоналии __
a Персоналии (Фамилия) Гранат, А.
600 Персоналии __
a Персоналии (Фамилия) Гранат, И.
606 Тематические рубрики __
a Основная рубрика Книжное дело
606 Тематические рубрики __
a Основная рубрика Общее книговедение
610 Ключевые слова __
a Ключевые слова биографии; персоналии; издатели; история издательского дела; книги; история книжного дела; биографические материалы
686 Индексы других классификаций __
a Классификационный индекс 76.1д; ст76.17
700 Автор _1
a Фамилия Белов
b Имя С. В.
4 Код отношения 070
801 Источник записи _0
a Страна RU
b Организация Муниципальное бюджетное учреждение культуры "Централизованная библиотечная система" г. Сургут (Центральная городская библиотека им. А. С. Пушкина)
g Правила каталогизации КиК/Уланова
801 Источник записи _1
a Страна RU
b Организация Муниципальное бюджетное учреждение культуры "Централизованная библиотечная система" г. Сургут (Центральная городская библиотека им. А. С. Пушкина)
g Правила каталогизации КиК/Уланова
852 Данные о местонахождении __
j Шифр хранения 76.1д
c Каталожный индекс 76.17
i Авторский знак Б 43
p Инвентарный номер 9089
901 Тип документа __
t Тип документа m
990 Данные о заказе (DOS) __
j Количество экземпляров (DOS) 3